000 00579nam a22001817a 4500
999 _c192863
_d192863
005 20221007115408.0
010 _aENG-135326
020 _c900.00
_a9789387002036
035 _aEN-118858
037 _bDBAD/PUB
082 _a362.1982
100 _aTripathi, Ira
245 _aMother & child: From the perspecive of chronic illness/
_cIra Tripathi
260 _aGreater Noida
_bDisha International PUblishing House
_c2018
270 _bGreater Noida
_a88, Bhunna Taga P.s. Rabupura
_e203209
300 _a232p.
_c22cm(hbk)
942 _2ddc
_cEN
_mTRI
_h362.1982